| 000 | 00336nam a2200145Ia 4500 | ||
|---|---|---|---|
| 008 | 230917s9999||||xx |||||||||||||| ||und|| | ||
| 040 |
_e61152 _aMAIN |
||
| 041 | _aEnglish | ||
| 082 | _a843.6 H874T | ||
| 100 | _aHugo, Victor | ||
| 245 | 0 | _aToilers of the sea | |
| 260 |
_aLondon _bDent _c1970 |
||
| 300 | _axvi, 368 p. | ||
| 942 | _cBK | ||
| 999 |
_c180503 _d180503 |
||